000 00762nam a2200253Ia 4500
003 OSt
005 20220927103612.0
006 a|||||r|||| 00| 0
007 ta
008 220926b |||||||| |||| 00| 0 eng d
024 _a73123
037 _cReference Collections
040 _aRTL
_cRTL
_beng
041 _2eng
_aeng
082 _a"X755:(Z,3), J0/UN"
110 _aINTERNATIONAL BANK FOR RECONSTRUCTION AND DEVELOPMENT (USA)
_9360298
245 0 _aLoan regulations
260 _aNew
_bYork I B R D USA
_c1950
490 _v3
650 _aForeign Loan
_9360299
700 _aINTERNATIONAL BANK FOR RECONSTRUCTION AND DEVELOPMENT (USA)
_9360300
942 _h"X755:(Z,3), J0/UN"
_cCC
999 _c684207
_d684207